Catálogo
 En Linea

Cultura del tigueraje en República Dominicana : (Registro nro. 52289)

Detalles MARC
000 -CABECERA
campo de control de longitud fija 01744nam a22003017a 4500
003 - IDENTIFICADOR DEL NÚMERO DE CONTROL
campo de control DO-SdBNP
005 - FECHA Y HORA DE LA ÚLTIMA TRANSACCIÓN
campo de control 20240226140810.0
007 - CAMPO FIJO DE DESCRIPCIÓN FÍSICA--INFORMACIÓN GENERAL
campo de control de longitud fija ta
008 - DATOS DE LONGITUD FIJA--INFORMACIÓN GENERAL
campo de control de longitud fija 220817b2022 |||||||eb|||| 00| 0 spa d
020 ## - NÚMERO INTERNACIONAL ESTÁNDAR DEL LIBRO
Número Internacional Estándar del Libro 9789945222005
040 ## - FUENTE DE LA CATALOGACIÓN
Centro catalogador/agencia de origen DO-SdBNP
Lengua de catalogación spa
Centro/agencia transcriptor BNPHU
082 4# - NÚMERO DE LA CLASIFICACIÓN DECIMAL DEWEY
Número de edición 22
Número de clasificación 302.5
Número de documento/Ítem D919c
100 10 - ENTRADA PRINCIPAL--NOMBRE DE PERSONA
Nombre de persona Dunker L., José,
Fechas asociadas al nombre 1943-
9 (RLIN) 1027
245 10 - MENCIÓN DE TÍTULO
Título Cultura del tigueraje en República Dominicana :
Resto del título propuesta para una revolución cultural /
Mención de responsabilidad, etc. José Dunker L.
250 ## - MENCIÓN DE EDICIÓN
Mención de edición 2da.
260 ## - PUBLICACIÓN, DISTRIBUCIÓN, ETC.
Lugar de publicación, distribución, etc. Santo Domingo :
Nombre del editor, distribuidor, etc. Búho,
Fecha de publicación, distribución, etc. 2022.
300 ## - DESCRIPCIÓN FÍSICA
Extensión 178 p.:
Dimensiones 23 cm
500 ## - NOTA GENERAL
Nota general Incluye datos biográficos del autor en la solapa de la portada y contraportada del libro.
504 ## - NOTA DE BIBLIOGRAFÍA, ETC.
Nota de bibliografía, etc. Bibliografía: p.159 -178.
505 ## - NOTA DE CONTENIDO CON FORMATO
Nota de contenido con formato I. Cuestiones básicas
Información miscelánea 1. El tigueraje -- 2. El tránsito refleja la cultura -- 3. El factor humano -- 4.Tigueraje y patrón cultural -- 5. Impacto del lenguaje -- 6. ¿Herencia o aprendizaje? -- 7. El camino es posible.
505 ## - NOTA DE CONTENIDO CON FORMATO
Nota de contenido con formato II. Antecedentes históricos
Información miscelánea 8. Impacto de la colonización -- 9. El complejo de Guacanagarix -- 10. Trujillo y el racismo -- 11. Psicopatología del racismo -- 12. La colonización nos dañó el cerebro -- 13.Para entender el pasado -- 14. La identidad mulata.
505 ## - NOTA DE CONTENIDO CON FORMATO
Nota de contenido con formato III. Propuestas finales
Información miscelánea 15. Cambios cultural y libertad -- 16. Dictadura en América Latina -- 17. Epidemia reeleccionista -- 18. Tígueres y tigueronas en política -- 19. Revolución inconclusa -- 20. Principios para el bien común -- 21. Revolución cultural
590 ## - NOTA LOCAL (RLIN)
Nota local Inventariado, 2022 / SA
650 4# - PUNTO DE ACCESO ADICIONAL DE MATERIA--TÉRMINO DE MATERIA
Término de materia o nombre geográfico como elemento de entrada Psicología social
Subdivisión general Ensayos, conferencias, etc.
Subdivisión geográfica República Dominicana
9 (RLIN) 82191
651 ## - PUNTO DE ACCESO ADICIONAL DE MATERIA--NOMBRE GEOGRÁFICO
Nombre geográfico República Dominicana
Subdivisión general Condiciones Sociales
9 (RLIN) 46
910 ## - DATOS DE OPCIÓN DEL USUARIO (OCLC)
Datos de opción del usuario Saquino
942 ## - ELEMENTOS DE PUNTO DE ACCESO ADICIONAL (KOHA)
Fuente del sistema de clasificación o colocación Dewey Decimal Classification
Tipo de ítem Koha Libro
Existencias
Estado de retiro Estado de pérdida Fuente del sistema de clasificación o colocación Restricciones de uso No para préstamo Código de colección Localización permanente Ubicación/localización actual Ubicación en estantería Fecha de adquisición Fuente de adquisición Signatura topográfica completa Código de barras Fecha visto por última vez Precio válido a partir de Tipo de ítem Koha Nota pública Total de préstamos Número de copia
    Dewey Decimal Classification Excluido de préstamo   Patrimonio Dominicano Biblioteca Nacional Pedro Henríquez Ureña Biblioteca Nacional Pedro Henríquez Ureña En catalogación 09.05.2022 Depósito Legal BNPHU PD 302.5 D919c 2022-3707 17.08.2022 17.08.2022 Libro S/A    
    Dewey Decimal Classification Excluido de préstamo   Patrimonio Dominicano Biblioteca Nacional Pedro Henríquez Ureña Biblioteca Nacional Pedro Henríquez Ureña En catalogación 05.05.2022 Depósito Legal BNPHU PD 302.5 D919c 2022-3708 17.08.2022 17.08.2022 Libro S/A   e.2
    Dewey Decimal Classification   Préstamo en sala Dominicana de Servicio Biblioteca Nacional Pedro Henríquez Ureña Biblioteca Nacional Pedro Henríquez Ureña En catalogación 09.05.2022 Depósito Legal BNPHU DS 302.5 D919c 2022-3709 17.08.2022 17.08.2022 Libro S/A   e.3

Con tecnología Koha